MSV Duisburg 2020's Starting XI - Statistiken

Allgemein
  • Dieses Quiz wurde 86 mal gespielt
    71 seit der letzten Aktualisierung
  • Das Durchschnittsergebnis liegt bei 28 aus 55
Antwortstatistiken
% Korrekt
GK 🇩🇪 Vincent Müller
93%
GK 🇩🇪 Vincent Müller
93%
DF 🇩🇪 Tobias Fleckstein
87%
DF 🇩🇪 Tobias Fleckstein
87%
DF 🇩🇪 Joshua Bitter
85%
DF 🇩🇪 Joshua Bitter
85%
DF 🇩🇪 Joshua Bitter
85%
MF 🇩🇪 Caspar Jander
78%
MF 🇩🇪 Caspar Jander
78%
FW 🇩🇪 Sebastian Mai
76%
DF 🇩🇪 Sebastian Mai
76%
GK 🇩🇪 Leo Weinkauf
74%
GK 🇩🇪 Leo Weinkauf
74%
GK 🇩🇪 Leo Weinkauf
74%
DF 🇻🇪 Rolf Feltscher
72%
DF 🇻🇪 Rolf Feltscher
72%
FW 🇩🇪 Moritz Stoppelkamp
70%
MF 🇩🇪 Moritz Stoppelkamp
70%
MF 🇩🇪 Moritz Stoppelkamp
70%
MF 🇩🇪 Moritz Stoppelkamp
70%
MF 🇺🇸 Santiago Castaneda
65%
DF 🇩🇪 Marvin Knoll
61%
FW 🇳🇱 Vincent Vermeij
61%
FW 🇲🇦 Aziz Bouhaddouz
57%
FW 🇩🇪 Alexander Esswein
54%
DF 🇩🇪 Niklas Kölle
54%
MF 🇩🇪 Niklas Kölle
54%
DF 🇩🇪 Marvin Senger
52%
MF 🇹🇷 Ahmet Engin
50%
DF 🇹🇷 Baran Mogultay
50%
MF 🇩🇪 Marvin Bakalorz
48%
MF 🇩🇪 Lukas Daschner
46%
MF 🇩🇪 Thomas Pledl
41%
FW 🇨🇭 Orhan Ademi
37%
DF 🇩🇪 Arne Sicker
35%
DF 🇩🇪 Arne Sicker
35%
MF 🇩🇪 Marlon Frey
35%
MF 🇩🇪 Marlon Frey
35%
MF 🇩🇪 Marlon Frey
35%
MF 🇨🇩 Wilson Kamavuaka
35%
DF 🇩🇪 Maximilian Sauer
33%
MF 🇫🇷 Yassin Ben Balla
33%
MF 🇩🇪 Kolja Pusch
30%
MF 🇩🇪 Niclas Stierlin
30%
FW 🇩🇪 Leroy-Jacques Mickels
26%
DF 🇩🇪 Dominik Schmidt
20%
DF 🇩🇪 Marvin Compper
20%
MF 🇩🇪 Tim Albutat
20%
DF 🇩🇪 Vincent Gembalies
20%
MF 🇩🇪 Marvin Ajani
15%
MF 🇩🇪 Marvin Ajani
15%
MF 🇩🇪 Connor Krempicki
13%
DF 🇩🇪 Lukas Boeder
13%
DF 🇩🇪 Nico Bretschneider
11%
DF 🇩🇪 Oliver Steurer
11%
Keine übereinstimmenden Quizze gefunden
Verteilung der Resultate
Anzahl Personen mit jedem Resultat
Perzentil nach korrekt beantworteten Fragen
Ihre Resultats-Entwicklung
Sie haben dieses Quiz seit der letzten Aktualisierung nicht gespielt